| 000 | 00606nam a2200205 a 4500 | ||
|---|---|---|---|
| 001 | 000023184 | ||
| 005 | 20200930022037.0 | ||
| 008 | 101130s1969 ve r 000 p spa d | ||
| 040 |
_aDO-SdBNP _bspa _cBNPHU |
||
| 082 |
_aV861.44 _bE27r |
||
| 100 | 1 |
_aSubero, Efraín, _d1931-2007. _929034 |
|
| 245 | 1 | 0 |
_aRazones : _bpoemas / _cEfraín Subero. |
| 260 |
_aCaracas, Venezuela : _bMonte Ávila Editores, _c1969. |
||
| 300 |
_a73, [3] p. ; _c19 cm. |
||
| 490 | 1 | _aDonaire | |
| 650 | 4 |
_aPoesía venezolana _94230 |
|
| 650 | 4 |
_aLiteratura venezolana _ySIGLO XX _99777 |
|
| 830 | 0 |
_aDonaire _98050 |
|
| 049 | _aBNGR | ||
| 999 |
_c22681 _d22681 |
||